000 00720nam a2200265 i 4500
001 C2-0306922
003 PPAK
005 20180728093534.0
008 101222s2003 nyua|||| ||||| | eng d
020 _a0060093161
040 _aPPAK
_beng
_cPPAK
_erda
082 0 4 _a823
_223
090 0 0 _a823
_bBUT
_dK
100 1 _aButcher, Nancy,
_eauthor
245 1 0 _abest friends forever
264 1 _aNew York :
_bHarper Entertainment ,
_c2003
300 _a104 pages :
_billustrations ;
_c19 cm
336 _2rdacontent
_atext
337 _2rdamedia
_aunmediated
338 _2rdacarrier
_avolume
490 1 _aSo little time
650 1 0 _aChildren's stories, English.
830 0 _aSo little time
942 _ddc
_cB
999 _c109745
_d109745